000 00730nam a2200157Ia 4500
008 231221s9999 xx 000 0 und d
020 _a978-3-642-32630-1
041 _aEnglish
100 _aCristian A. Linte, John T. Moore, Elvis C. S. Chen, David R. Holmes
245 0 _aAugmented Environments for Computer-Assisted Interventions
260 _c2012
_bSpringer US
_aNew York
440 _aLecture Notes in Computer Science
650 _aComputer Science
650 _aImage Processing and Computer Vision; Computer Applications; Artificial Intelligence (incl. Robotics); Computer Graphics; Computer Imaging, Vision, Pattern Recognition and Graphics; Computer Imaging, Vision, Pattern Recognition and Graphics
942 _cEB
999 _c224679
_d224679